Lanean...

Quantum electrodynamics /

Xehetasun bibliografikoak
Egile nagusia: Berestetskii, V B
Beste egile batzuk: Lifshitz, E M, Pitaevskii, L P
Formatua: Printed Book
Hizkuntza:English
Argitaratua: UK: Butterworth-Heinemann, 2010.
Saila:Course of theoretical physics 4
Gaiak:
LEADER 00770 a2200217 4500
008 180430b xxu||||| |||| 00| 0 eng d
999 |c 116905  |d 116905 
020 |a 9788181477897 
082 |a 530.1433 
100 |a Berestetskii, V B 
245 |a Quantum electrodynamics /  |c V B Berestetskii, E M Lifshitz and L P Pitaevskii 
260 |b Butterworth-Heinemann,  |c 2010.  |a UK: 
300 |a xv, 652p.  |c 23cm 
490 |a Course of theoretical physics  |v 4 
650 |a Quantum electrodynamics 
650 |a Quantum theory 
650 |a Quantum field theory 
700 |a Lifshitz, E M 
700 |a Pitaevskii, L P 
942 |2 ddc  |c BK 
952 |0 0  |1 0  |4 0  |6 530_143300000000000_BER_Q  |7 0  |9 125814  |a UL  |b UL  |c REF  |d 2017-11-28  |e 176  |g 884.30  |l 0  |o 530.1433 BER/Q  |p 98244  |r 2017-11-28  |v 1195.00  |y TXT